Balkan Songs by AI Generated Photo - Statistics

General Stats
  • This quiz has been taken 51 times
  • The average score is 8 of 20
Answer Stats
Picture Hint Answer % Correct
Coby Biseri iz Blata
92%
Nucci BeBo 4
87%
Biba Top
68%
Cunami Droga Amsterdam
58%
Corona Havana
55%
Teodora Linija
55%
Senidah Delija
53%
Devito Leden
50%
Rasta x Link Taktika
50%
THCF Ideš za Kanadu
39%
Inas Nyokosuzi
26%
Henny Martini
24%
Voyage x Breskvica Bezimena
21%
Sajfer Galama
18%
Maya Berovic Mala Lomi
16%
Relja Hladno Leto
13%
Elena Extra Fancy
11%
Lacku Sreda
11%
Grse Gangland
8%
Jala Brat & Buba Corelli Ultimatum
8%
No matching quizzes found
Score Distribution
Percent of People with Each Score
Percentile by Number Answered
Your Score History
You have not taken this quiz